Ostrov stability v mori neistoty

S Martinom Dallerom, členom predstavenstva a riaditeľom Divízie neživotného poistenia ČSOB Poisťovne, v rozhovore aj o rozdieloch medzi rakúskym a slovenským poistením.

Enregistré dans:
Détails bibliographiques
Auteur principal: Ščevovichova, Monika
Format: Chapitre de livre
Langue:slovaque
Sujets:
Tags: Ajouter un tag
Pas de tags, Soyez le premier à ajouter un tag!

MARC

LEADER 00000naa a2200000 4500
001 0149459
005 20231019092452.7
041 0 |a slo 
044 |a SK 
245 1 0 |a Ostrov stability v mori neistoty  |c Monika Ščevovichova 
520 |a S Martinom Dallerom, členom predstavenstva a riaditeľom Divízie neživotného poistenia ČSOB Poisťovne, v rozhovore aj o rozdieloch medzi rakúskym a slovenským poistením. 
610 2 0 |a manažéri 
610 2 0 |a predstavenstvo 
610 2 0 |a manažment 
610 2 0 |a riadenie vrcholové 
610 2 0 |a metódy riadenia 
610 2 0 |a poisťovníctvo 
100 1 |a Ščevovichova, Monika